Sociální analýza a prognóza rozvoje pracovních kolektivů

Gespeichert in:
Bibliographische Detailangaben
1. Verfasser: Kohout, Jaroslav
Format: Buch
Sprache:Tschechisch
Veröffentlicht: Praha Horizont 1983
Tags: Tag hinzufügen
Keine Tags, Fügen Sie das erste Tag hinzu!

MARC

LEADER 00000nam a2200000 4500
001 c115013
005 20041019155200.2
041 0 |a cze 
044 |a CZ 
245 1 0 |a Sociální analýza a prognóza rozvoje pracovních kolektivů  |c Jaroslav Kohout a kol. 
264 1 |a Praha  |b Horizont  |c 1983 
300 |a 120 s. 
100 1 |a Kohout, Jaroslav